Memoria referente al desarrollo, estado y servicio de las carreteras provinciales y de los caminos vecinales en esta provincia, durante el quinquenio de 1893 a 1898 / redactada por la Dirección de Obras Públicas Provinciales
Descripción Física:
143 p. ; 27 cm
MARC
| LEADER | 00000nam a2200000Ia 4500 | ||
|---|---|---|---|
| 001 | 8408 | ||
| 003 | BGR | ||
| 005 | 20260324175649.0 | ||
| 008 | 160829s1899 xx 000 0 cat d | ||
| 080 | |a C-1-174 | ||
| 110 | 1 | |a Barcelona (Catalunya : Província). |b Diputació |9 52408 | |
| 245 | |a Memoria referente al desarrollo, estado y servicio de las carreteras provinciales y de los caminos vecinales en esta provincia, durante el quinquenio de 1893 a 1898 / redactada por la Dirección de Obras Públicas Provinciales | ||
| 260 | |a Barcelona : |b Diputació, |c 1899 | ||
| 300 | |a 143 p. ; |c 27 cm | ||
| 650 | |a Carreteres |x Barcelona (Província) |x Memòries |9 37087 | ||
| 650 | |a Camins |x Barcelona (Província) |x Memòries |9 37088 | ||
| 901 | |a Arxiu | ||
| 942 | |n 1 |2 udc |c MON | ||
| 952 | |0 0 |1 0 |4 0 |6 C1174 |7 1 |9 47682 |a Arxiu |b Arxiu |d 2016-12-01 |l 0 |o C-1-174 |p 8408 |r 2016-12-01 00:00:00 |w 2016-12-01 |y ARXIU | ||
| 999 | |c 51481 |d 51481 | ||